[Event "FRA-chT2 Nord (Women)"]
[Site "France"]
[Date "2005.02.??"]
[Round "1"]
[White "Parizot, Pauline"]
[Black "Dhaussy, Zelie"]
[Result "0-1"]
[WhiteElo "1230"]
[BlackElo "1500"]
[PlyCount "66"]
[EventDate "2005.03.01"]
[EventType "team"]
[EventRounds "3"]
[EventCountry "FRA"]
[SourceTitle "EXT 2007"]
[Source "ChessBase"]
[SourceDate "2006.11.23"]
[SourceVersion "1"]
[SourceVersionDate "2006.11.23"]
[SourceQuality "1"]

1. e4 c5 2. Nc3 Nc6 3. Bc4 e6 4. Bb5 Nge7 5. d3 d5 6. e5 d4 7. Ne4 a6 8. Bxc6+ Nxc6 9. Nf3 Qd5 10. Bf4 c4 11. Rc1 c3 12. bxc3 dxc3 13. Ra1 b5 14. Nxc3 Bb4 15. Qd2 Qd8 16. 0-0 Qa5 17. Qd1 Bxc3 18. Rb1 Qxa2 19. Rc1 Qa4 20. Bg3 b4 21. d4 0-0 22. Qe2 a5 23. Bf4 Ba6 24. Qe3 Bxf1 25. Kxf1 Bb2 26. Rb1 Qxc2 27. Re1 Qc4+ 28. Kg1 Nxd4 29. Nxd4 Qxd4 30. Qxd4 Bxd4 31. Be3 Bxe3 32. Rxe3 a4 33. h3 a3 0-1